Reinforced concrete : (Record no. 548003)
[ view plain ]
| 000 -LEADER | |
|---|---|
| fixed length control field | 00782cam a22002294a 4500 |
| 020 ## - INTERNATIONAL STANDARD BOOK NUMBER | |
| International Standard Book Number | 0132281414 |
| 020 ## - INTERNATIONAL STANDARD BOOK NUMBER | |
| International Standard Book Number | 9780132281416 |
| 082 00 - DEWEY DECIMAL CLASSIFICATION NUMBER | |
| Classification number | 624.18341 |
| Author Mark | MAC |
| -- | M-38,L-118 |
| 100 1# - MAIN ENTRY--PERSONAL NAME | |
| Personal name | MacGregor, James G. |
| 245 10 - TITLE STATEMENT | |
| Title | Reinforced concrete : |
| Remainder of title | mechanics and design |
| Statement of responsibility, etc. | James G. MacGregor, James K. Wight. |
| 250 ## - EDITION STATEMENT | |
| Edition statement | 5th ed. |
| 260 ## - PUBLICATION, DISTRIBUTION, ETC. | |
| Place of publication, distribution, etc. | Upper Saddle River, N.J. : |
| Name of publisher, distributor, etc. | Prentice Hall, |
| Date of publication, distribution, etc. | c2009. |
| 300 ## - PHYSICAL DESCRIPTION | |
| Extent | xvi, 1112 p. : |
| Other physical details | ill. ; |
| Dimensions | 26 cm. |
| 526 ## - STUDY PROGRAM INFORMATION NOTE | |
| Program name | 0 |
| Interest level | 0 |
| Reading level | 0 |
| Title point value | 624_183410000000000_MAC |
| 526 ## - STUDY PROGRAM INFORMATION NOTE | |
| Program name | 0 |
| Interest level | 0 |
| Reading level | 0 |
| Title point value | 624_183410000000000_MAC |
| 526 ## - STUDY PROGRAM INFORMATION NOTE | |
| Program name | 0 |
| Interest level | 0 |
| Reading level | 0 |
| Title point value | 624_183410000000000_MAC |
| 526 ## - STUDY PROGRAM INFORMATION NOTE | |
| Program name | 0 |
| Interest level | 0 |
| Reading level | 0 |
| Title point value | 624_183410000000000_MAC |
| 650 #0 - SUBJECT ADDED ENTRY--TOPICAL TERM | |
| Topical term or geographic name entry element | Reinforced concrete construction. |
| 650 #0 - SUBJECT ADDED ENTRY--TOPICAL TERM | |
| Topical term or geographic name entry element | Reinforced concrete. |
| 9 (RLIN) | 40928 |
| 700 1# - ADDED ENTRY--PERSONAL NAME | |
| Personal name | Wight, James K. |
| 9 (RLIN) | 18384 |
| 942 ## - ADDED ENTRY ELEMENTS (KOHA) | |
| Source of classification or shelving scheme | |
| Koha item type | Book |
| Withdrawn status | Lost status | Source of classification or shelving scheme | Damaged status | Not for loan | Permanent Location | Current Location | Date acquired | Total Checkouts | Total Renewals | Full call number | Barcode | Date last seen | Date last checked out | Price effective from | Koha item type |
|---|---|---|---|---|---|---|---|---|---|---|---|---|---|---|---|
| Military College of Engineering (MCE) | Military College of Engineering (MCE) | 08/19/2014 | 9 | 5 | 624.18341 MAC | MCE-50102 | 01/07/2021 | 01/07/2021 | 08/19/2014 | Book | |||||
| Military College of Engineering (MCE) | Military College of Engineering (MCE) | 08/11/2015 | 8 | 5 | 624.18341 MAC | MCE-50133 | 11/04/2020 | 11/04/2020 | 08/11/2015 | Book | |||||
| Military College of Engineering (MCE) | Military College of Engineering (MCE) | 08/11/2015 | 12 | 6 | 624.18341 MAC | MCE-50134 | 12/28/2020 | 12/28/2020 | 08/11/2015 | Book | |||||
| Military College of Engineering (MCE) | Military College of Engineering (MCE) | 04/14/2017 | 13 | 3 | 624.18341 MAC | MCE-50518 | 11/12/2020 | 11/12/2020 | 04/14/2017 | Book |
